Real Zaragoza Squad 1994-1995 - Statistics

General Stats
  • This quiz has been taken 7 times
  • The average score is 16 of 25
Answer Stats
Position Nation Player % Correct
FW Argentina Juan Esnáider
100%
DF Argentina Fernando Cáceres
86%
MF Uruguay Gustavo Poyet
86%
MF Spain Nayim
86%
DF Spain Alberto Belsué
71%
GK Spain Andoni Cedrún
71%
DF Brazil Cafú
71%
DF Spain Chucho Solana
71%
MF Spain Jesús García Sanjuán
71%
FW Spain José Luis Loreto
71%
GK Spain Juanmi
71%
FW Spain Miguel Pardeza
71%
FW Spain Paquete Higuera
71%
MF Spain Santi Aragón
71%
Coach Spain Víctor Fernández
71%
DF Spain Xavi Aguado
71%
MF Argentina Darío Franco
57%
MF Spain Geli
57%
MF Spain Óscar Celada
57%
DF Spain Sergi López
57%
MF Spain Iñigo Lizarralde
43%
GK Spain Pepe Belman
43%
DF Spain Carlos Cuartero
29%
MF Spain Iñigo Rodríguez
29%
MF Spain José Aurelio Gay
29%
No matching quizzes found
Score Distribution
Percent of People with Each Score
Percentile by Number Answered
Your Score History
You have not taken this quiz